Countries that Border the Caribbean Sea - Statistics

General Stats
  • This quiz has been taken 117 times
  • The average score is 23 of 24
Answer Stats
Answer % Correct
Colombia
99%
Venezuela
99%
Belize
98%
Costa Rica
98%
Honduras
98%
Nicaragua
98%
Panama
98%
Dominican Republic
97%
Guatemala
97%
Haiti
97%
Cuba
96%
Dominica
96%
Jamaica
96%
Mexico
96%
St Lucia
96%
St Kitts and Nevis
95%
St Vincent and the Grenadines
95%
Antigua and Barbuda
94%
Trinidad and Tobago
91%
United States
91%
France
89%
Grenada
87%
The Netherlands
87%
United Kingdom
87%
No matching quizzes found
Score Distribution
Percent of People with Each Score
Percentile by Number Answered
Your Score History
You have not taken this quiz